000 01178namaa2200325 i 4500
003 EG-GICUC
005 20260525104313.0
008 260525s2010 ua |||jr|||| 000 0 ara d
017 _a2017 / 11348
_bدار الكتب والوثائق القومية (مصر)
020 _a9774373448
040 _aEG-GiCUC
_bara
_cEG-GiCUC
_dEG-GiCUC
_erda
082 0 4 _221
_a809
_bA442n
092 0 4 _221
_a809
_bA442n
099 _a809 A442n
100 1 _aعلوش، سعيد
_eمؤلف.
245 1 _aنقد ثقافى أم حداثة سلفية/
_cسعيد علوش.
250 _aالطبعة الاولى
264 _aالقاهرة (مصر) :
_bالمجلس الأعلى للثقافة،
_c2010.
300 _a221 صفحة
_b؛
_c24 سم
336 _2rdacontent
_atext
337 _2rdamedia
_aUnmediated
338 _2rdacarrier
_avolume
504 _aيشتمل على ارجاعات ببليوجرافية وهوامش.
541 _aوزارة الثقافة ؛
_bالقاهرة ؛
_cإهداء ؛
_d2023.
650 1 7 _aالنقد الادبى
_2qrmak
650 1 7 _aالادب
_xتاريخ ونقد
_2qrmak
651 1 _2qrmak
905 _aAya
942 _2ddc
_cBK
_e21
_n0
999 _c180299
_d180299